Ảnh hưởng của cách chế biến dạng thức ăn (bột và viên) trên sự tăng trưởng của gà nòi nuôi thịt : Luận văn thạc sĩ khoa học nông nghiệp chuyên ngành chăn nuôi
Đánh giá ảnh hưởng của cách chế biến thức ăn (dạng bột và dạng viên ) trên sự tăng trưởng của gà Nòi nuôi thịt.
Salvato in:
| Autore principale: | |
|---|---|
| Natura: | Libro |
| Lingua: | Undetermined |
| Pubblicazione: |
Cần Thơ
Trường Đại học Cần Thơ
2010
|
| Soggetti: | |
| Tags: |
Aggiungi Tag
Nessun Tag, puoi essere il primo ad aggiungerne! !
|
| Thư viện lưu trữ: | Trung tâm Học liệu Trường Đại học Cần Thơ |
|---|
| LEADER | 01060nam a2200229Ia 4500 | ||
|---|---|---|---|
| 001 | CTU_162682 | ||
| 008 | 210402s9999 xx 000 0 und d | ||
| 082 | |a 636.513 | ||
| 082 | |b Ng100 | ||
| 088 | |a 60620105 | ||
| 100 | |a Phạm, Minh Ngà | ||
| 245 | 0 | |a Ảnh hưởng của cách chế biến dạng thức ăn (bột và viên) trên sự tăng trưởng của gà nòi nuôi thịt : | |
| 245 | 0 | |b Luận văn thạc sĩ khoa học nông nghiệp chuyên ngành chăn nuôi | |
| 245 | 0 | |c Phạm Minh Ngà ; Võ Văn Sơn (Hướng dẫn khoa học) | |
| 260 | |a Cần Thơ | ||
| 260 | |b Trường Đại học Cần Thơ | ||
| 260 | |c 2010 | ||
| 520 | |a Đánh giá ảnh hưởng của cách chế biến thức ăn (dạng bột và dạng viên ) trên sự tăng trưởng của gà Nòi nuôi thịt. | ||
| 650 | |a Gia cầm,Poultry | ||
| 650 | |x Chăn nuôi,Breeding | ||
| 904 | |i T Thu, Hải | ||
| 980 | |a Trung tâm Học liệu Trường Đại học Cần Thơ | ||